000 00658nam a2200217Ia 4500
005 20241129120157.0
008 241129s9999||||xx |||||||||||||| ||und||
020 _a9781032768274
037 _aTB
040 _aSDCL
_beng
_cSDCL
041 _aeng
_2eng
084 _aV:(Q7).43'P, R4
_qSDCL
100 _aHaque, SK Tawfique Ed.; Siddiqi Bulbul Ed.; Bhuian Mahmudur Rahman Ed.
_9729345
245 0 _aDisplaced rohingyas: A tale of a vulnerable community
260 _aLondon
_bRoutledge
_c2024
300 _axv,270p.
365 _aINR
_b1295
650 _aPolitical Science
942 _cTB
_hV:(Q7).43'P, R4
999 _c1233674
_d1233674